00291nam a2200109Ia 4500008004100000082001600041100002000057245004500077250001600122260003400138300000900172210430s9999 xx 000 0 und d a669 D5591 M aGeorge E.Dieter aMechanical Metallurgy /cGeorge E.Dieter a3rd edition aNew yorkkbMcGraw- Hillc1986 a751p